000 00507nam a2200181Ia 4500
008 240729s9999 xx 000 0 und d
022 _a2635-1692
245 0 _aJournal of Business and Socio-Economic Development
260 _aUnited Kingdom
260 _bEmerald Publishing
650 _a Business | Social Sciences
650 _a Commerce
650 _a Finance
650 _aSocial Sciences
856 _uhttps://doaj.org/toc/9ffb63499e3a40bfabbca61d77171833
942 _2ddc
942 _cDOAJEJ
999 _c68307
_d68307
945 _a1
_bMadushi Gamage
_c1
_dMadushi Gamage